00672 2200241 4500001002100000005001500021035002000036245009400056100002600150250000600176300003600182700001600218260004500234082001100279084001700290020001800307650002000325990001700345990001700362990001700379990001700396990001700413INLIS00000000000097720190329120603 a0010-03190001901 aPesisir dan Laut Kita 2 :bUntuk SD Jilid 2 /cSubagio Soemodihardjo; Editor, Edi Warsidi0 aSubagio Soemodihardjo a- axii, 76 hlm. :bIlus. ;c25 cm.0 aEdi Warsidi aBandung :bGrafindo Media Pratama,c2006 a577.51 a577.51 SUB p a979-758-391-0 aEkologi Pesisir a03565/H/2018 a03566/H/2018 a03567/H/2018 a03568/H/2018 a03569/H/2018